National Subdivisions by Capital - Statistics

General Stats
  • This quiz has been taken 105,429 times
    10,749 since last reset
  • The average score is 16 of 27
Answer Stats
Capital Subdivision % Correct
Phoenix Arizona
94%
Edinburgh Scotland
94%
Barcelona Catalonia
93%
Austin Texas
93%
Munich Bavaria
92%
Nuuk Greenland
87%
Toronto Ontario
84%
Sydney New South Wales
80%
Florence Tuscany
79%
San Juan Puerto Rico
73%
Lhasa Tibet
73%
Edmonton Alberta
71%
Sapporo Hokkaido
66%
Ajaccio Corsica
61%
Milan Lombardy
60%
Seville Andalusia
58%
Cayenne French Guiana
50%
Manaus Amazonas
47%
Denpasar Bali
45%
Lahore Punjab
39%
Willemstad Curaçao
37%
Grozny Chechnya
34%
Lucknow Uttar Pradesh
34%
Chengdu Sichuan
31%
Guadalajara Jalisco
24%
Gdansk Pomerania
22%
Christchurch Canterbury
12%
No matching quizzes found
Score Distribution
Percent of People with Each Score
Percentile by Number Answered
Your Score History
You have not taken this quiz since the last reset